| 000 | 00477nam a2200181Ia 4500 | ||
|---|---|---|---|
| 003 | OSt | ||
| 005 | 20250507104002.0 | ||
| 008 | 210210b1973 xxu||||| |||| 00| 0 eng d | ||
| 040 | _cAL | ||
| 082 | _aK894.3 LAKV | ||
| 100 |
_aLAKSHMI (A N). _d ಲಕ್ಷ್ಮಿ (ಎ ಎನ್) _9209554 |
||
| 245 |
_aVidaya. _bವಿದಾಯ |
||
| 260 |
_aBengaluru _bRekha Prakashana _c1973 |
||
| 300 | _a184 | ||
| 690 |
_aKannada Fiction _9209555 |
||
| 906 | _a031031 | ||
| 942 |
_2ddc _cBK |
||
| 999 |
_c82107 _d82107 |
||